Reaction-diffusion equations : (Record no. 144024)

MARC details
000 -LEADER
fixed length control field 00941cam a2200253 a 4500
008 - FIXED-LENGTH DATA ELEMENTS--GENERAL INFORMATION
fixed length control field
020 ## - INTERNATIONAL STANDARD BOOK NUMBER
International Standard Book Number 0198533780 (hbk.)
049 ## - LOCAL HOLDINGS (OCLC)
Holding library MAIN
090 ## - LOCALLY ASSIGNED LC-TYPE CALL NUMBER (OCLC); LOCAL CALL NUMBER (RLIN)
Classification number (OCLC) (R) ; Classification number, CALL (RLIN) (NR) QA371REA
003 - CONTROL NUMBER IDENTIFIER
control field
005 - DATE AND TIME OF LATEST TRANSACTION
control field 20230123133156.0
040 ## - CATALOGING SOURCE
Transcribing agency NUST
245 00 - TITLE STATEMENT
Title Reaction-diffusion equations :
Remainder of title the proceedings of a symposium year on reaction-diffusion equations /
Statement of responsibility, etc. organized by the Department of Mathematics, Heriot-Watt University, 1987-1988 ; edited by K.J. Brown and A.A. Lacey.
260 ## - PUBLICATION, DISTRIBUTION, ETC.
Place of publication, distribution, etc. Oxford :
Name of publisher, distributor, etc. Clarendon Press,
Date of publication, distribution, etc. 1990.
300 ## - PHYSICAL DESCRIPTION
Extent x, 224 p. :
Other physical details ill. ;
Dimensions 24 cm.
440 #0 - SERIES STATEMENT/ADDED ENTRY--TITLE
Title Oxford science publications
504 ## - BIBLIOGRAPHY, ETC. NOTE
Bibliography, etc. note Includes bibliographical references.
650 #0 - SUBJECT ADDED ENTRY--TOPICAL TERM
Topical term or geographic name entry element Reaction-diffusion equations
Form subdivision Congresses.
700 1# - ADDED ENTRY--PERSONAL NAME
Personal name Brown, K. J.
700 1# - ADDED ENTRY--PERSONAL NAME
Personal name Lacey, A. A.
710 2# - ADDED ENTRY--CORPORATE NAME
Corporate name or jurisdiction name as entry element Heriot-Watt University.
Subordinate unit Dept. of Mathematics.
907 ## - LOCAL DATA ELEMENT G, LDG (RLIN)
a .b1003433x
b 16-01-06
c 17-04-03
942 ## - ADDED ENTRY ELEMENTS (KOHA)
Koha item type Ordinary Loan Books
Call number prefix QA371REA
Holdings
Date last seen Total Checkouts Full call number Barcode Cost, replacement price Price effective from Koha item type Lost status Source of classification or shelving scheme Damaged status Not for loan Collection Withdrawn status Home library Current library Shelving location Date acquired Cost, normal purchase price
01/23/2023   QA371REA 92003010709 80.00 01/23/2023 BOOKS   LCC     NFIC   MAIN MAIN GEN 01/23/2023 80.00